000 00528 a2200181 4500
999 _c5887
_d5887
010 _aENG-87057
020 _a8183820328
_c95.00
035 _aEN-70590
037 _bDBAD / PUB
082 1 4 _a398.9
100 _aChopra, Mahesh
245 1 _aA book of proverbs and quotations /
_cby Mahesh Chopra
260 _aNew Delhi
_bLotus Press
_c2007
270 _a4263/3, Ansari Road, Daryaganj
_bNew Delhi
_e110 002
300 _a156p.
_c21cm (pbk)
500 _aIncludes index
942 _adpl
_cEN
_2ddc
_h398.9
_mCHO